000 00764nam a2200277Ia 4500
001 19298
005 20240113235924.0
007 ta
008 060207s1954 a g b000 u 465 u
040 _aCotton College,Assam
041 _a465
082 _a530
_bB 212 P
100 _aBallard, Stanley S. .
245 0 _aPhysics Principles /
_cStanley S. Ballard, Edgar P. Slack & Erich Hausmann.
_hTextual Documents
250 _a1st ed. /
260 _aNew York :
_bVan Nostrand Reinhold Company ,
_cC1954.
300 _avii,757p. :
_bill ;
_c22cm .
504 _aIndex
653 _aPhysics
653 _aG-Physics
700 _aSlack, Edgar P. .
700 _aHausmann, Erich .
942 _2ddc
_cBK
999 _c19280
_d19280